00502 a2200109 4500082001100000100001900011245009000030260008100120300003500201500009900236856005700335 aMSIT-8 aSaif-ur-Rehman aUsing ICT for reliable identification and authentication of medicine cSaif-ur-Rehman aIslamabadbNUST School of Electrical Engineering and Computer Sciencec2011. ax,61p.b:ill.c;27cm.+eCD-ROM aSupervisors: Dr. Raihan ur Rasool, Dr. Zahid Anwar, Mr. Aatif Kamal, Mr. Qasim Mahmood Rajpoot uhttp://10.250.8.41:8080/xmlui/handle/123456789/10248